Introduction to health and safety at work (Record no. 107775)

MARC details
000 -LEADER
fixed length control field 01966cam a22002775a 4500
001 - CONTROL NUMBER
control field L141804
008 - FIXED-LENGTH DATA ELEMENTS--GENERAL INFORMATION
fixed length control field 071221s2007 xxk af 001 0 eng d
020 ## - INTERNATIONAL STANDARD BOOK NUMBER
International Standard Book Number 9780750685030
035 ## - SYSTEM CONTROL NUMBER
System control number (Sirsi) u141804
041 0# - LANGUAGE CODE
Language code of text/sound track or separate title eng
050 04 - LIBRARY OF CONGRESS CALL NUMBER
Classification number 344.410465 $2 18
100 1# - MAIN ENTRY--PERSONAL NAME
Personal name Hughes, Phil
245 00 - TITLE STATEMENT
Title Introduction to health and safety at work
250 ## - EDITION STATEMENT
Edition statement 3rd ed.
260 ## - PUBLICATION, DISTRIBUTION, ETC.
Place of publication, distribution, etc. London
Name of publisher, distributor, etc. Butterworth-Heinemann
Date of publication, distribution, etc. 2007
300 ## - PHYSICAL DESCRIPTION
Extent xxi, 449p.
Other physical details ill.
Dimensions 30cm.
350 ## - PRICE (NR) (BK AM CF MU VM SE) [OBSOLETE]
Price 39.99
505 2# - FORMATTED CONTENTS NOTE
Formatted contents note Health and safety foundations -- Policy -- Organizing for health and safety -- Promoting a positive health and safety culture -- Risk assessment -- Principles of control -- Monitoring, review and audit -- Incident and accident investigation and reporting -- Movement of people and vehicles: hazards and control -- Manual and mechanical handling hazards and control -- Work equipment hazards and control -- Electrical hazards and control -- Hazards and control -- Chemical and biological health hazards and control -- Physical and psychological health hazards and control -- Construction activities: hazards and control -- Summary of the main legal requirements -- International aspects of health and safety -- Study skills -- Specimen answers to NEBOSH examinations
520 ## - SUMMARY, ETC.
Summary, etc. This introduction to all areas of occupational safety and health covers the key elements of health and safety management, the legal framework, risk assessment and control standards. The text incorporates changes to relevant regulations, such as the Construction (Design and Management) Regulations 2007, the Control of Asbestos Regulations 2006, and the Regulatory Reform (Fire Safety) Order 2005. Developed in accordance with the NEBOSH (National Examination Board in Occupational Safety and Health) National General Certificate.
521 2# - TARGET AUDIENCE NOTE
Target audience note Introductory
590 ## - LOCAL NOTE (RLIN)
Local note KA
651 #4 - SUBJECT ADDED ENTRY--GEOGRAPHIC NAME
Geographic name United Kingdom
Chronological subdivision
690 ## - LOCAL SUBJECT ADDED ENTRY--TOPICAL TERM (OCLC, RLIN)
Topical term or geographic name as entry element Health and safety
9 (RLIN) 6244
700 1# - ADDED ENTRY--PERSONAL NAME
Personal name Ferrett, Ed
942 ## - ADDED ENTRY ELEMENTS (KOHA)
Suppress in OPAC 0
Holdings
Withdrawn status Lost status Source of classification or shelving scheme Damaged status Not for loan Home library Current library Shelving location Date acquired Cost, normal purchase price Total Checkouts Full call number Barcode Date last seen Date last checked out Copy number Cost, replacement price Price effective from Koha item type
    Dewey Decimal Classification     London London Folio 22/01/2008 39.99 12 F344.410465 HUG 30074555 06/08/2019 10/09/2009 1 39.99 06/08/2019 Book